| Tag |
First Indicator |
Second Indicator |
Subfields |
| LEADER |
00000nam a2200000 a 4500 |
| 001 |
in00004564458 |
| 006 |
m||||||||d|||||||| |
| 007 |
cr ||||||||||| |
| 008 |
100811s2004 enkab fo 001|0|eng|d |
| 005 |
20241017192215.3 |
| 020 |
|
|
|a 9780727737069 (ebook) :
|c No price
|
| 035 |
|
|
|a (StDuBDS)EDZ0000014379
|
| 040 |
|
|
|a StDuBDS
|b eng
|c StDuBDS
|e pn
|
| 050 |
|
4 |
|a TA711.5
|
| 082 |
0 |
4 |
|a 624.15
|2 22
|
| 100 |
1 |
|
|a Ng, C. W. W.
|
| 245 |
1 |
2 |
|a A short course in soil-structure engineering of deep foundations, excavations and tunnels /
|c Charles W.W. Ng, Noel Simons and Bruce Menzies.
|
| 260 |
|
|
|a London :
|b Thomas Telford,
|c 2004.
|
| 300 |
|
|
|a 1 online resource (xiv, 416 pages) :
|b illustrations, maps.
|
| 336 |
|
|
|a text
|b txt
|2 rdacontent
|
| 337 |
|
|
|a computer
|b c
|2 rdamedia
|
| 338 |
|
|
|a online resource
|b cr
|2 rdacarrier
|
| 520 |
8 |
|
|a This text is divided into three parts - effectively three short courses - focusing on the following three major geotechnical challenges of static soil-structure interaction problems: deep foundations; multi-propped deep excavations; and bored and open face tunnels beneath cities.
|
| 521 |
|
|
|a Specialized.
|
| 588 |
|
|
|a Description based on print version record.
|
| 504 |
|
|
|a Includes bibliographical references and index.
|
| 650 |
|
0 |
|a Soil-structure interaction.
|
| 650 |
|
0 |
|a Foundations.
|
| 650 |
|
0 |
|a Excavation.
|
| 650 |
|
0 |
|a Tunnels.
|
| 655 |
|
7 |
|a Electronic books.
|2 local
|
| 700 |
1 |
|
|a Simons, N. E.
|
| 700 |
1 |
|
|a Menzies, Bruce Keith.
|
| 776 |
0 |
8 |
|i Print version :
|z 9780727732637
|
| 856 |
4 |
0 |
|u http://proxy.library.tamu.edu/login?url=https://www.icevirtuallibrary.com/doi/book/10.1680/ascisseodfeat.32637
|z Connect to the full text of this electronic book
|t 0
|
| 955 |
|
|
|a Institution of Civil Engineers (ICE) 2021 Complete eBook Collection.
|
| 999 |
f |
f |
|s 8574facd-d723-4ca5-9183-2adb2647da61
|i 8574facd-d723-4ca5-9183-2adb2647da61
|t 0
|
| 952 |
f |
f |
|a Texas A&M University
|b College Station
|c Electronic Resources
|d Available Online
|t 0
|e TA711.5
|h Library of Congress classification
|
| 998 |
f |
f |
|a TA711.5
|t 0
|l Available Online
|